Slovakia External Relations Briefing: Attitude Towards the Situation in Belarus

Postoj Slovenskej republiky k výsledkom volieb v Bielorusku a povolebným výsledkom.

Salvato in:
Dettagli Bibliografici
Autore principale: Ondriaš, Juraj, 1988-
Natura: Capitolo di libro
Lingua:inglese
Tags: Aggiungi Tag
Nessun Tag, puoi essere il primo ad aggiungerne!!

MARC

LEADER 00000naa a2200000 4500
001 0271590
005 20240502083825.2
041 0 |a eng 
044 |a HU 
245 1 0 |a Slovakia External Relations Briefing: Attitude Towards the Situation in Belarus  |c Juraj Ondriaš 
520 |a Postoj Slovenskej republiky k výsledkom volieb v Bielorusku a povolebným výsledkom. 
100 1 |a Ondriaš, Juraj, 1988-